| 000 | 01401 a2200229 4500 | ||
|---|---|---|---|
| 001 | 49409 | ||
| 005 | 20260407155757.0 | ||
| 008 | 260407a2017 arg spa d | ||
| 003 | AR-UNSa-BCEJYS | ||
| 040 |
_aAR-UNSa-BCEJYS _bspa _cAR-UNSa-BCEJYS |
||
| 080 |
_a657.42 _xCuentas de capital circulante |
||
| 245 | 1 | 0 |
_aActivos y pasivos intangibles _pvisibles e invisibles...pero reales en la contabilidad y los negocios |
| 020 | _a978-987-716-075-8 | ||
| 264 | 1 |
_aBuenos Aires : _bOsmar D. Buyatti _c2017 |
|
| 300 |
_a138 p. _c22 cm. |
||
| 505 | _aParte I: INMATERIALES O INTNGIBLES. VISIBLES E INVISIBLES EN LA CONTABILIDAD: 1. Normas Contables Profesionales. Introducción - 2. Normas Contables Internacionales - 3. Normas Contables Argentinas - 4. Inmovilizado intangible. Casos prácticos - 5. Llave de negocio - - Parte II: INTANGIBLES O INMATERIALES. VISIBLES E INVISIBLES EN LOS NEGOCIOS: 1. Introducción - 2. El capital intelectual o intangible. Fundamentos teóricos del capital intelectual - 3. Los activos intangibles desde la perspectiva estratégica - 4. Los modelos de capital intelectual o intangible - 5. Los pasivos intangibles. La gestión empresaria. | ||
| 041 | _aspa | ||
| 942 | _cBK | ||
| 590 | _aniveau_biblio:m niveau_hierar:0 | ||
| 100 | 1 | _aLang, Víctor Manuel | |
| 856 | 4 | 1 |
_uhttps://www.biblioeco.unsa.edu.ar/pmb/images/libros/L128075.jpg _yImagen de portada _qimage/jpeg |
| 999 |
_c4827 _d4827 |
||